NBA Spelling Quiz - Statistics

General Stats
  • This quiz has been taken 85 times
  • The average score is 10 of 24
Answer Stats
Team Name Answer % Correct
Dallas Mavericks Dirk Nowitzki
99%
New York Knicks Kristaps Porzingis
93%
Milwaukee Bucks Giannis Antetokounmpo
82%
Houston Rockets Hakeem Olajuwon
72%
Chicago Bulls Lauri Markkanen
49%
Toronto Raptors Jonas Valanciunas
49%
Atlanta Hawks Ersan Ilyasova
48%
Cleveland Cavaliers Zydrunas Ilgauskas
44%
Detroit Pistons Boban Marjanovic
44%
New York Knicks Andrea Bargnani
42%
Milwaukee Bucks Matthew Dellavedova
39%
Orlando Magic Mario Hezonja
39%
Atlanta Hawks Dennis Schroder
39%
Minnesota Timberwolves Nemanja Bjelica
38%
Houston Rockets Luc Mbah a Moute
28%
New Orleans Pelicans Alexis Ajinca
27%
Sacramento Kings Skal Labissiere
27%
Portland Trailblazers Kiki Vandeweghe
25%
Toronto Raptors Jakob Poeltl
23%
New York Knicks Frank Ntilikina
18%
Minnesota Timberwolves Wally Szczerbiak
18%
San Antonio Spurs Joffrey Lauvergne
17%
New York Knicks Dave DeBusschere
13%
Philadelphia 76ers Timothe Luwawu-Cabarrot
8%
No matching quizzes found
Score Distribution
Percent of People with Each Score
Percentile by Number Answered
Your Score History
You have not taken this quiz